000 00250nam a2200109Ia 4500
008 231129s9999||||xx |||||||||||||| ||spa||
082 _aHAJ- 0277
245 0 _aSuperlativos mundiales
260 _c197
264 _a[sin editorial]
942 _2ddc
_cBKS
999 _c24931
_d24931